Designing instruction for library users : a practical guide /

Bibliographic Details
Main Author: Svinicki, Marilla D., 1946-
Other Authors: Schwartz, Barbara A.
Format: Book
Language:English
Published: New York : M. Dekker, [1988]
Series:Books in library and information science ; vol. 50.
Subjects:

MARC

Tag First Indicator Second Indicator Subfields
LEADER 00000cam a2200000 a 4500
001 in00000032314
005 20151007060455.0
008 870820s1988 nyua b 00110 eng
010 |a  87022502  
020 |a 0824778200 
035 |a (OCoLC)16683927 
035 |9 AAC0935AM 
040 |a DLC  |c DLC  |d OCL  |d TXA  |d UtOrBLW 
049 |a TXAM  |c [A11682642] 
050 0 0 |a Z675.U5  |b S835 1988 
070 0 |a Z675.U5S835 
072 0 |a X200 
082 0 |a 025.5/677  |2 19 
100 1 |a Svinicki, Marilla D.,  |d 1946- 
245 1 0 |a Designing instruction for library users :  |b a practical guide /  |c Marilla D. Svinicki, Barbara A. Schwartz. 
264 1 |a New York :  |b M. Dekker,  |c [1988] 
264 4 |c ©1988 
300 |a ix, 249 pages :  |b illustrations ;  |c 24 cm. 
336 |a text  |b txt  |2 rdacontent 
337 |a unmediated  |b n  |2 rdamedia 
338 |a volume  |b nc  |2 rdacarrier 
490 1 |a Books in library and information science ;  |v vol. 50 
504 |a Includes bibliographies and index. 
650 0 |a Library orientation for college students. 
650 0 |a Library orientation. 
650 0 |a Public services (Libraries) 
650 0 |a Bibliography  |x Methodology  |x Study and teaching. 
700 1 |a Schwartz, Barbara A. 
830 0 |a Books in library and information science ;  |v vol. 50. 
999 |a MARS 
999 f f |s 7f6d0e63-ab16-3757-b857-1ab3db9d4018  |i d4d39fb2-1425-3cce-993d-c5cecde03f55  |t 0 
952 f f |p ric  |a Texas A&M University  |b Rellis Campus  |c Joint Library Facility  |d Remote Storage  |t 0  |e Z675.U5 S835 1988  |h Library of Congress classification  |i unmediated -- volume  |m A14811682642 
998 f f |a Z675.U5 S835 1988  |t 0  |l Remote Storage